Countries in Countries - Statistics

General Stats
  • This quiz has been taken 25 times
  • The average score is 6 of 9
Answer Stats
Answer % Correct
Guinea-Bissau
83%
Dominican Republic
75%
Papua New Guinea
75%
South Sudan
71%
Democratic Republic of the Congo
67%
Equatorial Guinea
67%
Nigeria
63%
Somalia
33%
Romania
29%
No matching quizzes found
Score Distribution
Percent of People with Each Score
Percentile by Number Answered
Your Score History
You have not taken this quiz